Zamestnanecké výhody vo výrobných podnikoch

Enregistré dans:
Détails bibliographiques
Auteur principal: Gontkovičová, Barbora, 1986-
Format: Chapitre de livre
Langue:slovaque
Sujets:
Tags: Ajouter un tag
Pas de tags, Soyez le premier à ajouter un tag!

MARC

LEADER 00000naa$a2200000$$$4500
001 0243685
005 20240502073939.5
041 0 |a slo 
044 |a SK 
245 1 0 |a Zamestnanecké výhody vo výrobných podnikoch  |c Barbora Gontkovičová 
500 |a Abstrakt 
610 2 0 |a benefity 
610 2 0 |a zdroje ľudské 
610 2 0 |a zamestnanci 
610 2 0 |a zamestnávatelia 
100 1 |a Gontkovičová, Barbora, 1986-